Best Football Players In Every Position - Statistics

General Stats
  • This quiz has been taken 110 times
  • The average score is 6 of 10
Answer Stats
Position Answer % Correct
Striker (ST) Cristiano Ronaldo
98%
Right Winger (RW) Lionel Messi
98%
Centre Back (CB) Paolo Maldini
84%
Goalkeeper (GK) Lev Yashin
76%
Centre Attacking Midfielder (CAM) Diego Maradona
67%
Left Winger (LW) Ronaldinho
66%
Right Back (RB) Cafu
65%
Centre Midfielder (CM) Luka Modrić
42%
Left Back (LB) Ashley Cole
28%
Centre Defence Midfielder (CDM) Lothar Matthäus
20%
No matching quizzes found
Score Distribution
Percent of People with Each Score
Percentile by Number Answered
Your Score History
You have not taken this quiz